<?xml version="1.0" encoding="UTF-8"?>
<record
    xmlns:xsi="http://www.w3.org/2001/XMLSchema-instance"
    xsi:schemaLocation="http://www.loc.gov/MARC21/slim http://www.loc.gov/standards/marcxml/schema/MARC21slim.xsd"
    xmlns="http://www.loc.gov/MARC21/slim">

  <leader>00719nam a2200217 a 4500</leader>
  <controlfield tag="001"> </controlfield>
  <controlfield tag="003">OSt</controlfield>
  <controlfield tag="005">20201008090830.0</controlfield>
  <controlfield tag="008">110509s19uu    dr a          000 0 spa d</controlfield>
  <datafield tag="040" ind1=" " ind2=" ">
    <subfield code="a">DO-SdBNP</subfield>
    <subfield code="b">spa</subfield>
    <subfield code="c">DO-SdBNP</subfield>
  </datafield>
  <datafield tag="049" ind1=" " ind2=" ">
    <subfield code="a"> </subfield>
  </datafield>
  <datafield tag="082" ind1=" " ind2=" ">
    <subfield code="a">xxx</subfield>
    <subfield code="b">U76r</subfield>
  </datafield>
  <datafield tag="100" ind1="1" ind2=" ">
    <subfield code="a">Uribe, Rafael</subfield>
    <subfield code="9">56959</subfield>
  </datafield>
  <datafield tag="245" ind1="1" ind2="0">
    <subfield code="a">Reglas softbol ilustradas 1982-1983 /</subfield>
    <subfield code="c">Rafael Uribe.</subfield>
  </datafield>
  <datafield tag="260" ind1=" " ind2=" ">
    <subfield code="a">Santo Domingo :</subfield>
    <subfield code="b">Centro de Capacitaci&#xF3;n T&#xE9;cnica deportiva </subfield>
    <subfield code="c">[19--?].</subfield>
  </datafield>
  <datafield tag="300" ind1=" " ind2=" ">
    <subfield code="a">26 p. :</subfield>
    <subfield code="b">il. ;</subfield>
    <subfield code="c">23 cm.</subfield>
  </datafield>
  <datafield tag="710" ind1=" " ind2=" ">
    <subfield code="a">Federaci&#xF3;n Dominicana de Softbol Aficionado (Rep&#xFA;blica Dominicana)</subfield>
    <subfield code="9">76798</subfield>
  </datafield>
  <datafield tag="710" ind1=" " ind2=" ">
    <subfield code="a">Federaci&#xF3;n Dominicana de &#xC1;rbitros y Anotadores (Rep&#xFA;blica Dominicana)</subfield>
    <subfield code="9">76799</subfield>
  </datafield>
  <datafield tag="942" ind1=" " ind2=" ">
    <subfield code="2">ddc</subfield>
    <subfield code="c">LF1</subfield>
  </datafield>
  <datafield tag="952" ind1=" " ind2=" ">
    <subfield code="0">0</subfield>
    <subfield code="1">0</subfield>
    <subfield code="7">1</subfield>
    <subfield code="8">PD</subfield>
    <subfield code="a">PD</subfield>
    <subfield code="b">PD</subfield>
    <subfield code="c">CT</subfield>
    <subfield code="d">2011-05-09</subfield>
    <subfield code="i">LF1</subfield>
    <subfield code="l">0</subfield>
    <subfield code="o">xxx U76r</subfield>
    <subfield code="p">30281-10</subfield>
    <subfield code="r">2020-06-25</subfield>
    <subfield code="w">2020-06-25</subfield>
    <subfield code="y">LFPD</subfield>
    <subfield code="Z">No se presta</subfield>
  </datafield>
  <datafield tag="956" ind1=" " ind2=" ">
    <subfield code="a">VMateo</subfield>
  </datafield>
  <datafield tag="999" ind1=" " ind2=" ">
    <subfield code="c">29773</subfield>
    <subfield code="d">29773</subfield>
  </datafield>
</record>
